[Event "Montmagny op"]
[Site "Montmagny CAN"]
[Date "2009.11.07"]
[Round "2"]
[White "Hebert, Jean"]
[Black "Caire, Francois"]
[Result "1-0"]
[WhiteElo "2446"]
[BlackElo "2202"]
[PlyCount "153"]
[GameId "2160767910030409"]
[EventDate "2009.11.06"]
[EventType "swiss"]
[EventRounds "5"]
[EventCountry "CAN"]
[SourceTitle "EXT 2011"]
[Source "ChessBase"]
[SourceDate "2011.11.26"]
[SourceVersion "1"]
[SourceVersionDate "2011.11.26"]
[SourceQuality "1"]

1. d4 Nc6 2. e4 e5 3. d5 Nce7 4. Be3 Nf6 5. f3 Ng6 6. Qd2 Be7 7. c4 d6 8. Nc3 Nd7 9. g3 a5 10. h4 Nc5 11. Bh3 h6 12. O-O-O Bxh3 13. Nxh3 Qd7 14. h5 Nf8 15. g4 Nh7 16. Kb1 f6 17. Ng1 Ng5 18. Qc2 O-O 19. Rh2 Rfe8 20. Rf2 Bf8 21. Nge2 Nh3 22. Rh2 Ng5 23. Rf1 Na6 24. Ng3 Nc5 25. Nf5 b6 26. b3 Reb8 27. Nb5 Ra6 28. Qd1 Nb7 29. a3 Re8 30. Rb2 Rea8 31. Kc1 Re8 32. Kd2 Rea8 33. Ke2 Re8 34. Kf2 Rea8 35. Kg2 Re8 36. Qe2 Rea8 37. Rc1 Nf7 38. Rcc2 Ng5 39. Ng3 Rb8 40. Qf1 Rba8 41. Nc3 Nf7 42. Rf2 R6a7 43. Qd1 Re8 44. Nf5 Ng5 45. Qb1 Raa8 46. Rfd2 Rad8 47. Nb5 Ra8 48. Rf2 Nc5 49. Rfd2 Nb7 50. Qf1 Kh8 51. Rbc2 Kg8 52. Rd1 Reb8 53. Rb2 Re8 54. Rdb1 Reb8 55. Bd2 Nc5 56. Qe2 Re8 57. b4 Nb7 58. Be3 Reb8 59. Qf2 Kh7 60. Qc2 Kg8 61. Qd3 Re8 62. Ng3 Qf7 63. Qc3 Kh7 64. bxa5 Nxa5 65. Nxc7 Qxc7 66. Bxb6 Qxc4 67. Bxa5 Qxc3 68. Bxc3 Rxa3 69. Rb3 Rea8 70. Nf5 Ra2+ 71. R1b2 Ra1 72. Rb8 R8a3 73. Rc2 Ra8 74. Rxf8 R8a2 75. Rxa2 Rxa2+ 76. Kg3 Rc2 77. Rc8 1-0

[Event "Montmagny op"]
[Site "Montmagny CAN"]
[Date "2009.11.07"]
[Round "3"]
[White "Bolduc, Steve"]
[Black "Hebert, Jean"]
[Result "1-0"]
[WhiteElo "2278"]
[BlackElo "2446"]
[PlyCount "80"]
[GameId "2160767910030412"]
[EventDate "2009.11.06"]
[EventType "swiss"]
[EventRounds "5"]
[EventCountry "CAN"]
[SourceTitle "EXT 2011"]
[Source "ChessBase"]
[SourceDate "2011.11.26"]
[SourceVersion "1"]
[SourceVersionDate "2011.11.26"]
[SourceQuality "1"]

1. c4 e5 2. Nc3 Nc6 3. Nf3 f5 4. d4 e4 5. Nd2 Nf6 6. e3 g6 7. Be2 d6 8. b4 Bg7 9. b5 Ne7 10. f3 exf3 11. Bxf3 O-O 12. O-O c6 13. Rb1 Re8 14. d5 cxd5 15. cxd5 Qc7 16. Qb3 Nd7 17. Bb2 Nc5 18. Qc4 Bd7 19. Na4 Bxb2 20. Rxb2 Rac8 21. Nxc5 Qxc5 22. Qxc5 Rxc5 23. a4 b6 24. Nb3 Rc4 25. Ra1 g5 26. Nd4 g4 27. Be2 Rc3 28. Nc6 Nxd5 29. Nxa7 Nxe3 30. a5 bxa5 31. Rxa5 Rb8 32. g3 Kf7 33. b6 Ke7 34. Kf2 Rb7 35. Nb5 Bxb5 36. Rbxb5 Kd7 37. Ra7 Kc6 38. Ra8 Nc4 39. Rxf5 Rc2 40. Rc8+ Kxb6 1-0

[Event "Montmagny op"]
[Site "Montmagny CAN"]
[Date "2009.11.08"]
[Round "4"]
[White "Hebert, Jean"]
[Black "Forget, Luc"]
[Result "1-0"]
[WhiteElo "2446"]
[BlackElo "1958"]
[PlyCount "79"]
[GameId "2160767910030416"]
[EventDate "2009.11.06"]
[EventType "swiss"]
[EventRounds "5"]
[EventCountry "CAN"]
[SourceTitle "EXT 2011"]
[Source "ChessBase"]
[SourceDate "2011.11.26"]
[SourceVersion "1"]
[SourceVersionDate "2011.11.26"]
[SourceQuality "1"]

1. d4 Nf6 2. c4 e6 3. Nf3 b6 4. Nc3 Bb7 5. a3 d5 6. cxd5 Nxd5 7. Qc2 Be7 8. e4 Nxc3 9. bxc3 O-O 10. Bd3 c5 11. O-O cxd4 12. cxd4 Nc6 13. d5 exd5 14. exd5 Qxd5 15. Bxh7+ Kh8 16. Be4 Nd4 17. Bxd5 Nxc2 18. Bxb7 Nxa1 19. Bxa8 Rxa8 20. Bb2 Nc2 21. a4 Bc5 22. Rd1 Re8 23. Kf1 f6 24. Rd7 a5 25. g4 Kg8 26. g5 Re7 27. Rxe7 Bxe7 28. gxf6 gxf6 29. Ke2 Nb4 30. Bd4 Bd8 31. Kd2 Kf7 32. Kc3 Ke6 33. Kc4 Nc2 34. Bc3 Kd6 35. h4 Ke6 36. Nd4+ Nxd4 37. Bxd4 Kf5 38. Kb5 Kg4 39. Bxb6 Be7 40. Kxa5 1-0

[Event "Montmagny op"]
[Site "Montmagny CAN"]
[Date "2009.11.08"]
[Round "5"]
[White "Hebert, Jean"]
[Black "Kraiouchkine, Nikita"]
[Result "1/2-1/2"]
[WhiteElo "2446"]
[BlackElo "2287"]
[PlyCount "59"]
[GameId "2160767910030419"]
[EventDate "2009.11.06"]
[EventType "swiss"]
[EventRounds "5"]
[EventCountry "CAN"]
[SourceTitle "EXT 2011"]
[Source "ChessBase"]
[SourceDate "2011.11.26"]
[SourceVersion "1"]
[SourceVersionDate "2011.11.26"]
[SourceQuality "1"]

1. d4 d5 2. c4 c6 3. Nc3 Nf6 4. e3 g6 5. Nf3 Bg7 6. Be2 O-O 7. O-O Bg4 8. h3 Bxf3 9. Bxf3 e6 10. Qe2 Nbd7 11. Rd1 Rc8 12. e4 dxc4 13. Qxc4 Qe7 14. Be3 Rfd8 15. Qb3 b6 16. Qa4 a5 17. Rac1 c5 18. Qb5 cxd4 19. Bxd4 Qb4 20. a3 Qxb5 21. Nxb5 Nc5 22. e5 Nd5 23. Nd6 Rb8 24. Bxd5 exd5 25. f4 Ne6 26. Be3 d4 27. Bd2 f6 28. exf6 Rxd6 29. fxg7 Kxg7 30. b4 1/2-1/2

[Event "Montreal op"]
[Site "Montreal CAN"]
[Date "2009.09.11"]
[Round "1"]
[White "Hebert, Jean"]
[Black "Libersan, Thierry"]
[Result "1-0"]
[WhiteElo "2418"]
[BlackElo "2119"]
[PlyCount "101"]
[GameId "2160767910096669"]
[EventDate "2009.09.11"]
[EventType "swiss"]
[EventRounds "5"]
[EventCountry "CAN"]
[SourceTitle "hb 2009.10"]

1. d4 Nf6 2. c4 g6 3. Nc3 Bg7 4. e4 O-O 5. Nf3 d6 6. Be2 e5 7. Be3 Ng4 8. Bg5 f6 9. Bh4 g5 10. Bg3 Nh6 11. d5 f5 12. exf5 Nxf5 13. Nd2 Nd7 14. Nde4 h6 15. O-O Nf6 16. Rc1 b6 17. Nxf6+ Bxf6 18. Ne4 a5 19. Bh5 Qe7 20. Re1 Qh7 21. b3 Be7 22. Bg4 Bd7 23. a3 Be8 24. Bh5 Ng7 25. Bxe8 Nxe8 26. f3 Nf6 27. Nxf6+ Rxf6 28. Re4 h5 29. h3 Rg6 30. Qe2 Qg7 31. Rf1 Kh8 32. Be1 Rf8 33. Bc3 Rf4 34. g3 Rxe4 35. fxe4 g4 36. h4 Rf6 37. Bd2 Qf7 38. Kg2 Qg6 39. Rxf6 Bxf6 40. Kf1 Kg7 41. Qe3 Be7 42. Ke2 Bf6 43. Kd3 Be7 44. Bc3 Kh7 45. Qf2 Kg7 46. c5 Bd8 47. c6 Bf6 48. Bd2 Be7 49. a4 Bf6 50. Qe3 Be7 51. Kc4 1-0

[Event "Montreal op"]
[Site "Montreal CAN"]
[Date "2009.09.12"]
[Round "2"]
[White "Ibrahim, Anthony"]
[Black "Hebert, Jean"]
[Result "0-1"]
[WhiteElo "2210"]
[BlackElo "2418"]
[PlyCount "36"]
[GameId "2160767910096691"]
[EventDate "2009.09.11"]
[EventType "swiss"]
[EventRounds "5"]
[EventCountry "CAN"]
[SourceTitle "hb 2009.10"]

1. d4 Nf6 2. c4 e6 3. Nc3 Bb4 4. Qc2 O-O 5. Bg5 h6 6. Bh4 d6 7. f3 c5 8. e3 Nc6 9. a3 Ba5 10. dxc5 dxc5 11. Rd1 Qe7 12. Bd3 Ne5 13. Nge2 Bc7 14. O-O Rd8 15. Bg3 Bd7 16. h3 Bc6 17. e4 Nh5 18. Bf2 Qd6 0-1

[Event "Montreal op"]
[Site "Montreal CAN"]
[Date "2009.09.12"]
[Round "3"]
[White "Hebert, Jean"]
[Black "Mai, Lloyd"]
[Result "1-0"]
[WhiteElo "2418"]
[BlackElo "2194"]
[PlyCount "75"]
[GameId "2160767910096699"]
[EventDate "2009.09.11"]
[EventType "swiss"]
[EventRounds "5"]
[EventCountry "CAN"]
[SourceTitle "EXT 2011"]
[Source "ChessBase"]
[SourceDate "2011.11.26"]
[SourceVersion "1"]
[SourceVersionDate "2011.11.26"]
[SourceQuality "1"]

1. d4 Nf6 2. c4 g6 3. Nc3 Bg7 4. e4 d6 5. Nf3 O-O 6. Be2 e5 7. dxe5 dxe5 8. Qxd8 Rxd8 9. Bg5 Re8 10. O-O-O h6 11. Bh4 Na6 12. Ne1 Be6 13. Nc2 c6 14. f3 Nd7 15. b4 f5 16. Bf2 Bf8 17. a3 Be7 18. exf5 gxf5 19. g4 fxg4 20. fxg4 Rf8 21. Be3 Kg7 22. Ne4 Nb6 23. Nd6 Bxd6 24. Rxd6 Nc7 25. Rhd1 Rf7 26. g5 hxg5 27. Rg1 Nxc4 28. Rxg5+ Kf8 29. Bxc4 Bxc4 30. Bc5 Rf1+ 31. Kb2 Ke8 32. Rxe5+ Kf7 33. Rd7+ Kf6 34. Re4 Bd5 35. Bd4+ Kg6 36. Rg7+ Kf5 37. Re5+ Kf4 38. Rxc7 1-0

[Event "Montreal op"]
[Site "Montreal CAN"]
[Date "2009.09.13"]
[Round "5"]
[White "Salome, Melia"]
[Black "Hebert, Jean"]
[Result "1/2-1/2"]
[WhiteElo "2441"]
[BlackElo "2418"]
[PlyCount "23"]
[GameId "2160767739316961"]
[EventDate "2009.09.11"]
[EventType "swiss"]
[EventRounds "5"]
[EventCountry "CAN"]
[TimeControl "3600"]

1. e4 e6 2. d4 d5 3. Nc3 Bb4 4. Nge2 dxe4 5. a3 Be7 6. Nxe4 Nd7 7. Qd3 Ngf6 8. Nxf6+ Nxf6 9. Bd2 b6 10. O-O-O Bb7 11. f3 O-O 12. Nc3 1/2-1/2

[Event "CAN-ch"]
[Site "Guelph CAN"]
[Date "2009.08.08"]
[Round "1"]
[White "Qin, Zi Yi (Joey)"]
[Black "Hebert, Jean"]
[Result "0-1"]
[WhiteElo "2208"]
[BlackElo "2436"]
[PlyCount "52"]
[GameId "2160767910093220"]
[EventDate "2009.08.08"]
[EventType "swiss"]
[EventRounds "9"]
[EventCountry "CAN"]

1. e4 d6 2. d4 g6 3. Nc3 c6 4. Be3 Bg7 5. Qd2 b5 6. f3 Nd7 7. g4 Nb6 8. b3 h5 9. gxh5 Rxh5 10. O-O-O a5 11. Nce2 a4 12. Nf4 Rh8 13. h4 axb3 14. cxb3 d5 15. Kb1 g5 16. Qg2 Nc4 17. bxc4 bxc4 18. Rh2 Rb8+ 19. Ka1 Qa5 20. Nxd5 cxd5 21. Qd2 c3 22. Qc1 Bd7 23. Bd3 e5 24. exd5 gxh4 25. Re2 Kf8 26. dxe5 c2 0-1

[Event "CAN-ch"]
[Site "Guelph CAN"]
[Date "2009.08.10"]
[Round "3"]
[White "Hambleton, Aman"]
[Black "Hebert, Jean"]
[Result "1/2-1/2"]
[WhiteElo "2052"]
[BlackElo "2399"]
[PlyCount "125"]
[GameId "2160767910093243"]
[EventDate "2009.08.08"]
[EventType "swiss"]
[EventRounds "9"]
[EventCountry "CAN"]
[SourceTitle "CBM 132 Extra"]
[Source "ChessBase"]
[SourceDate "2009.11.03"]
[SourceVersion "1"]
[SourceVersionDate "2009.11.03"]
[SourceQuality "1"]

1. d4 Nf6 2. c4 e6 3. Nc3 Bb4 4. Qc2 O-O 5. a3 Bxc3+ 6. Qxc3 b6 7. Bg5 Bb7 8. f3 h6 9. Bh4 d5 10. e3 Nbd7 11. cxd5 Nxd5 12. Bxd8 Nxc3 13. Bh4 Nd5 14. Bf2 Rac8 15. e4 Ne7 16. Ne2 c5 17. Nc3 cxd4 18. Bxd4 f5 19. O-O-O Rfd8 20. Bb5 Nf8 21. Kb1 fxe4 22. Nxe4 Nfg6 23. Bf2 Nd5 24. Rhe1 Nge7 25. Ba4 Ba6 26. Bb3 Kf8 27. Bh4 Bc4 28. Bxc4 Rxc4 29. Rc1 Rxc1+ 30. Rxc1 Rd7 31. Rd1 Nf5 32. Bf2 Ke7 33. g4 Nd6 34. Nxd6 Rxd6 35. Kc2 Rd7 36. Kb3 Rc7 37. Bd4 Kf7 38. f4 g6 39. h3 b5 40. Be5 Rc4 41. Rd4 Rc1 42. f5 Re1 43. Bb8 Re3+ 44. Kc2 a5 45. fxe6+ Kxe6 46. a4 bxa4 47. Rxa4 Rxh3 48. Rxa5 Nb4+ 49. Kd2 Nc6 50. Ra6 Kd5 51. Bf4 g5 52. Be3 Rh2+ 53. Kc3 Re2 54. Bd2 Re4 55. b4 Rc4+ 56. Kd3 Rxg4 57. b5 Ne5+ 58. Ke2 Rg2+ 59. Kd1 Nc4 60. Bc1 g4 61. Rxh6 Nb2+ 62. Bxb2 Rxb2 63. Rg6 1/2-1/2

[Event "CAN-ch"]
[Site "Guelph CAN"]
[Date "2009.08.11"]
[Round "4"]
[White "Hebert, Jean"]
[Black "Martchenko, Alexander"]
[Result "1-0"]
[WhiteElo "2399"]
[BlackElo "2039"]
[PlyCount "117"]
[GameId "2160767910093259"]
[EventDate "2009.08.08"]
[EventType "swiss"]
[EventRounds "9"]
[EventCountry "CAN"]
[SourceTitle "CBM 132 Extra"]
[Source "ChessBase"]
[SourceDate "2009.11.03"]
[SourceVersion "1"]
[SourceVersionDate "2009.11.03"]
[SourceQuality "1"]

1. c4 e6 2. d4 d5 3. Nf3 c6 4. e3 Nf6 5. Nc3 Nbd7 6. Qc2 Bd6 7. b3 O-O 8. Be2 b6 9. O-O Bb7 10. Bb2 Qe7 11. Rad1 Rac8 12. e4 Nxe4 13. Nxe4 dxe4 14. Qxe4 f5 15. Qe3 c5 16. Rfe1 Rfe8 17. Ne5 cxd4 18. Bxd4 Bxe5 19. Bxe5 Nxe5 20. Qxe5 Rc5 21. Qf4 g6 22. Qd6 Rc7 23. Bf1 Qxd6 24. Rxd6 Kf7 25. f4 Ree7 26. Kf2 Be4 27. Red1 e5 28. g3 Bc6 29. b4 exf4 30. gxf4 Re4 31. R1d4 Rxd4 32. Rxd4 Be4 33. Be2 Ke6 34. Ke3 Ke7 35. Rd2 h6 36. h4 Rc8 37. a4 Rg8 38. c5 g5 39. hxg5 hxg5 40. fxg5 Rxg5 41. Bb5 Rg3+ 42. Kf4 Rc3 43. Ke5 bxc5 44. Rd7+ Kf8 45. Kf6 Kg8 46. bxc5 Rxc5 47. Rxa7 f4 48. Rg7+ Kh8 49. Rg4 Rf5+ 50. Ke6 Kh7 51. Be8 Rf8 52. Ke7 Bf3 53. Rg1 Rg8 54. Rf1 Rg3 55. Kf6 Kg8 56. Bg6 Kh8 57. Rf2 Bc6 58. Rh2+ Kg8 59. Bf7+ 1-0

[Event "CAN-ch"]
[Site "Guelph CAN"]
[Date "2009.08.12"]
[Round "5"]
[White "Bluvshtein, Mark"]
[Black "Hebert, Jean"]
[Result "1/2-1/2"]
[WhiteElo "2558"]
[BlackElo "2399"]
[PlyCount "42"]
[GameId "2160767910093270"]
[EventDate "2009.08.08"]
[EventType "swiss"]
[EventRounds "9"]
[EventCountry "CAN"]
[SourceTitle "CBM 132 Extra"]
[Source "ChessBase"]
[SourceDate "2009.11.03"]
[SourceVersion "1"]
[SourceVersionDate "2009.11.03"]
[SourceQuality "1"]

1. d4 d5 2. c4 c6 3. Nf3 Nf6 4. Nc3 a6 5. c5 Nbd7 6. Bf4 Nh5 7. Qd2 g6 8. Bh6 Ndf6 9. Bxf8 Kxf8 10. h3 Ne4 11. Nxe4 dxe4 12. Ne5 Be6 13. g4 Ng7 14. e3 f6 15. Nc4 h5 16. g5 Nf5 17. O-O-O Kg7 18. Qc2 Qg8 19. Rg1 Bd5 20. b3 Qe6 21. Be2 Rad8 1/2-1/2

[Event "CAN-ch"]
[Site "Guelph CAN"]
[Date "2009.08.13"]
[Round "6"]
[White "Hebert, Jean"]
[Black "Gerzhoy, Leonid"]
[Result "1-0"]
[WhiteElo "2399"]
[BlackElo "2409"]
[PlyCount "85"]
[GameId "2160767910093287"]
[EventDate "2009.08.08"]
[EventType "swiss"]
[EventRounds "9"]
[EventCountry "CAN"]
[SourceTitle "CBM 132 Extra"]
[Source "ChessBase"]
[SourceDate "2009.11.03"]
[SourceVersion "1"]
[SourceVersionDate "2009.11.03"]
[SourceQuality "1"]

1. d4 Nf6 2. c4 g6 3. Nc3 d5 4. cxd5 Nxd5 5. e4 Nxc3 6. bxc3 Bg7 7. Nf3 c5 8. Rb1 O-O 9. Be2 Nc6 10. d5 Ne5 11. Nxe5 Bxe5 12. Rb3 e6 13. f4 Bg7 14. c4 exd5 15. cxd5 Qa5+ 16. Qd2 Qa4 17. e5 Rd8 18. O-O Be6 19. Bf3 Rab8 20. Rd1 Bf8 21. Ra3 Qb4 22. Rxa7 Qb6 23. Qa5 Qxa5 24. Rxa5 Bd7 25. d6 b6 26. Ra7 Be6 27. Be3 Rd7 28. Rxd7 Bxd7 29. Rb1 Bf5 30. Rb2 f6 31. Bxc5 fxe5 32. Bd5+ Kh8 33. fxe5 Bg7 34. Rxb6 Rxb6 35. Bxb6 Bxe5 36. Bc5 Bd7 37. Bb3 Kg7 38. a4 Bc3 39. Bb6 Kf6 40. a5 Ke5 41. a6 Kxd6 42. a7 Bc6 43. Bd1 1-0

[Event "CAN-ch"]
[Site "Guelph CAN"]
[Date "2009.08.14"]
[Round "7"]
[White "Jiang, Louie"]
[Black "Hebert, Jean"]
[Result "0-1"]
[WhiteElo "2250"]
[BlackElo "2399"]
[PlyCount "94"]
[GameId "2160767910093307"]
[EventDate "2009.08.08"]
[EventType "swiss"]
[EventRounds "9"]
[EventCountry "CAN"]
[SourceTitle "CBM 132 Extra"]
[Source "ChessBase"]
[SourceDate "2009.11.03"]
[SourceVersion "1"]
[SourceVersionDate "2009.11.03"]
[SourceQuality "1"]

1. e4 e6 2. d4 d5 3. Nc3 Bb4 4. e5 c5 5. a3 Bxc3+ 6. bxc3 Ne7 7. Qg4 Kf8 8. Bd2 Qc7 9. Bd3 b6 10. Nf3 Ba6 11. Bxa6 Nxa6 12. Ng5 h6 13. Qe2 hxg5 14. Qxa6 Nf5 15. g4 Nh4 16. Qe2 Ng2+ 17. Kf1 Nf4 18. Bxf4 gxf4 19. h4 cxd4 20. cxd4 Rc8 21. Kg2 Qc3 22. Rad1 Qxa3 23. Qd2 Qe7 24. Qxf4 Ke8 25. h5 Kd7 26. Ra1 a5 27. Rhb1 Rc6 28. Rb3 Ra8 29. Rf3 Rf8 30. g5 Rxc2 31. Rc1 Rc4 32. Rh1 Qb4 33. Rd3 a4 34. Rhh3 Qb1 35. h6 gxh6 36. gxh6 Rc1 37. Qf3 Rg1+ 38. Kh2 Rg6 39. Rd1 Qe4 40. Qxe4 dxe4 41. d5 exd5 42. Rxd5+ Kc6 43. Rd4 b5 44. Rxe4 Rh8 45. Rf4 Rgxh6 46. Rxh6+ Rxh6+ 47. Kg3 Re6 0-1

[Event "CAN-ch"]
[Site "Guelph CAN"]
[Date "2009.08.15"]
[Round "8"]
[White "Hebert, Jean"]
[Black "Panjwani, Raja"]
[Result "1-0"]
[WhiteElo "2399"]
[BlackElo "2350"]
[PlyCount "95"]
[GameId "2160767910093318"]
[EventDate "2009.08.08"]
[EventType "swiss"]
[EventRounds "9"]
[EventCountry "CAN"]
[SourceTitle "CBM 132 Extra"]
[Source "ChessBase"]
[SourceDate "2009.11.03"]
[SourceVersion "1"]
[SourceVersionDate "2009.11.03"]
[SourceQuality "1"]

1. d4 Nf6 2. c4 g6 3. Nc3 Bg7 4. e4 d6 5. Nf3 O-O 6. Be2 Nbd7 7. O-O e5 8. Re1 c6 9. Bf1 h6 10. Rb1 Nh7 11. dxe5 dxe5 12. b4 Qe7 13. c5 Rd8 14. Be3 Ndf8 15. Qc1 h5 16. Nd2 Nf6 17. f3 Ne6 18. Nc4 Ne8 19. Ne2 Bf6 20. Rd1 N8c7 21. Qb2 Rxd1 22. Rxd1 Nf8 23. a4 a6 24. Nc1 Rb8 25. Nd3 Nd7 26. Bd2 Bg7 27. Bc3 f6 28. Qf2 Ne6 29. Nd6 Kh7 30. a5 Nc7 31. Ba1 Nb5 32. Nb2 Nf8 33. Bxb5 axb5 34. Nd3 Be6 35. f4 exf4 36. Nxf4 Nd7 37. Qg3 Bg4 38. Rf1 g5 39. Nd3 f5 40. e5 f4 41. Qe1 Qe6 42. h4 Qd5 43. Qb1 Kg8 44. hxg5 Rf8 45. Nxf4 Rxf4 46. Rxf4 Nxe5 47. Bxe5 Qxe5 48. Re4 1-0

[Event "CAN-ch"]
[Site "Guelph CAN"]
[Date "2009.08.16"]
[Round "9"]
[White "Thavandiran, Shiyam"]
[Black "Hebert, Jean"]
[Result "0-1"]
[WhiteElo "2291"]
[BlackElo "2399"]
[PlyCount "80"]
[GameId "2160767910093343"]
[EventDate "2009.08.08"]
[EventType "swiss"]
[EventRounds "9"]
[EventCountry "CAN"]
[SourceTitle "CBM 132 Extra"]
[Source "ChessBase"]
[SourceDate "2009.11.03"]
[SourceVersion "1"]
[SourceVersionDate "2009.11.03"]
[SourceQuality "1"]

1. e4 e6 2. d4 d5 3. e5 c5 4. c3 Nc6 5. Nf3 Bd7 6. Be3 Qb6 7. Qd2 Rc8 8. dxc5 Bxc5 9. Bxc5 Qxc5 10. Qg5 Qf8 11. Bd3 f6 12. Qe3 Nh6 13. h3 Nf7 14. exf6 gxf6 15. Nbd2 Qh6 16. a3 Qxe3+ 17. fxe3 Nce5 18. Be2 Ke7 19. e4 dxe4 20. Nxe4 Rhg8 21. Kf2 Bc6 22. Ned2 Rcd8 23. b4 Rxg2+ 24. Ke3 Nxf3 25. Nxf3 Nd6 26. Nd4 Rg3+ 27. Nf3 Nf5+ 28. Kf2 Bxf3 29. Bxf3 Rd2+ 30. Ke1 Rb2 31. Bxb7 Rxc3 32. Rg1 Rxh3 33. Rc1 Re3+ 34. Kd1 Rxa3 35. Rg8 Ne3+ 36. Ke1 Rc2 37. Rc8 Raa2 38. Rc7+ Kd6 39. Rc6+ Ke5 40. R1xc2 Nxc2+ 0-1

[Event "Quebec op U2400"]
[Site "Montreal CAN"]
[Date "2009.07.18"]
[Round "1"]
[White "Hebert, Jean"]
[Black "Tremblay, Alain"]
[Result "1-0"]
[WhiteElo "2399"]
[BlackElo "2073"]
[PlyCount "53"]
[GameId "2160767910155551"]
[EventDate "2009.07.18"]
[EventType "swiss"]
[EventRounds "9"]
[EventCountry "CAN"]
[SourceTitle "EXT 2011"]
[Source "ChessBase"]
[SourceDate "2011.11.26"]
[SourceVersion "1"]
[SourceVersionDate "2011.11.26"]
[SourceQuality "1"]

1. d4 d5 2. c4 e6 3. Nc3 Be7 4. Nf3 Nf6 5. Bg5 Nbd7 6. e3 O-O 7. cxd5 exd5 8. Bd3 c5 9. O-O b6 10. Qe2 Bb7 11. Rfd1 Nh5 12. Bxe7 Qxe7 13. Ba6 Bxa6 14. Qxa6 Nhf6 15. Rac1 Qe6 16. dxc5 Nxc5 17. Qe2 g6 18. Nd4 Qe7 19. b4 Ne6 20. Nc6 Qe8 21. b5 a6 22. a4 Qd7 23. Rxd5 Nxd5 24. Nxd5 f6 25. Nxb6 Qb7 26. Nxa8 Rxa8 27. Qc4 1-0

[Event "Quebec op U2400"]
[Site "Montreal CAN"]
[Date "2009.07.19"]
[Round "2"]
[White "Modwal, Sankalp"]
[Black "Hebert, Jean"]
[Result "0-1"]
[WhiteElo "2147"]
[BlackElo "2399"]
[PlyCount "100"]
[GameId "2160767910155565"]
[EventDate "2009.07.18"]
[EventType "swiss"]
[EventRounds "9"]
[EventCountry "CAN"]

1. e4 d6 2. d4 g6 3. Nc3 c6 4. Be3 Bg7 5. Qd2 b5 6. f3 Nd7 7. g4 h5 8. g5 Nb6 9. h4 a5 10. a3 e6 11. Nh3 Ne7 12. Nf4 O-O 13. Rg1 Nc4 14. Bxc4 bxc4 15. Nce2 Rb8 16. c3 Qc7 17. O-O-O Bd7 18. Ng3 Rb3 19. Rg2 Rfb8 20. Nfxh5 gxh5 21. Nxh5 Rxb2 22. Qxb2 Rxb2 23. Rxb2 Ng6 24. Nxg7 Kxg7 25. h5 Ne7 26. Bf4 e5 27. Bh2 Kh7 28. f4 exd4 29. Rxd4 c5 30. g6+ fxg6 31. hxg6+ Nxg6 32. Rd5 Bc6 33. f5 Bxd5 34. fxg6+ Kxg6 35. exd5 Qe7 36. Rd2 Kf7 37. Kd1 Qf6 38. Kc2 Ke7 39. Kb2 a4 40. Bg1 Qf3 41. Bf2 Kd7 42. Kc2 Qf8 43. Kc1 Qh8 44. Rc2 Qh1+ 45. Kb2 Qxd5 46. Kc1 Qh1+ 47. Kd2 Qf1 48. Be1 d5 49. Kd1 d4 50. Kd2 d3 0-1

[Event "Quebec op U2400"]
[Site "Montreal CAN"]
[Date "2009.07.19"]
[Round "3"]
[White "Hebert, Jean"]
[Black "Caire, Francois"]
[Result "1-0"]
[WhiteElo "2399"]
[BlackElo "2260"]
[PlyCount "97"]
[GameId "2160767910155576"]
[EventDate "2009.07.18"]
[EventType "swiss"]
[EventRounds "9"]
[EventCountry "CAN"]
[SourceTitle "EXT 2011"]
[Source "ChessBase"]
[SourceDate "2011.11.26"]
[SourceVersion "1"]
[SourceVersionDate "2011.11.26"]
[SourceQuality "1"]

1. d4 Nf6 2. c4 e6 3. Nf3 b6 4. Nc3 Bb4 5. Bg5 Bb7 6. Nd2 h6 7. Bh4 Bxc3 8. bxc3 d6 9. f3 Nbd7 10. e3 O-O 11. Bd3 Qe7 12. O-O e5 13. e4 Rfe8 14. Re1 Nf8 15. Bf2 Ne6 16. Bf1 Nd7 17. g3 Qf6 18. Bh3 Rad8 19. Nf1 c5 20. d5 Ng5 21. Bg2 Qg6 22. Ne3 Ra8 23. Nf5 Nf8 24. h4 Ngh7 25. Qa4 Qf6 26. Rab1 h5 27. g4 g6 28. g5 Qd8 29. Ne3 f6 30. gxf6 Qxf6 31. Kf1 g5 32. Nf5 Red8 33. hxg5 Nxg5 34. Nh4 Bc8 35. Ke2 Bd7 36. Qc2 Ng6 37. Nxg6 Qxg6 38. Rg1 Kh8 39. Rh1 Nh7 40. Rbg1 Qf7 41. Qd2 Rf8 42. Qh6 Bg4 43. Qe3 Bd7 44. Rh2 Be8 45. Bh3 Qf4 46. Qxf4 Rxf4 47. Bf5 Bf7 48. Be3 Rxf5 49. exf5 1-0

[Event "Quebec op U2400"]
[Site "Montreal CAN"]
[Date "2009.07.20"]
[Round "4"]
[White "Mai, Lloyd"]
[Black "Hebert, Jean"]
[Result "0-1"]
[WhiteElo "2173"]
[BlackElo "2399"]
[PlyCount "104"]
[GameId "2160767910155596"]
[EventDate "2009.07.18"]
[EventType "swiss"]
[EventRounds "9"]
[EventCountry "CAN"]
[SourceTitle "hb 2009.08"]

1. e4 d6 2. d4 g6 3. Be3 Bg7 4. Nc3 c6 5. Qd2 b5 6. a3 Nd7 7. d5 c5 8. Bxb5 Rb8 9. Rb1 Qa5 10. Bxd7+ Bxd7 11. Nge2 Nf6 12. f3 h5 13. O-O O-O 14. Bh6 Rb7 15. Bxg7 Kxg7 16. Qe3 Rfb8 17. Nd1 Bb5 18. c3 Qa6 19. Re1 Ba4 20. Qd2 Bxd1 21. Rexd1 Rb3 22. Nf4 Qb6 23. Qe3 Nd7 24. Nd3 a5 25. Qe2 c4+ 26. Nf2 Ne5 27. f4 Nd3 28. Rd2 Nxb2 29. Kf1 Na4 30. Rc1 Qc5 31. Nd1 Qxa3 32. Rcc2 Qc5 33. e5 Rb1 34. f5 dxe5 35. Ra2 Qb5 36. Qxe5+ Kh6 37. Qe3+ Kg7 38. fxg6 Rb6 39. gxf7 Rf6+ 40. Ke1 Kxf7 41. Qe4 Nxc3 42. Qh7+ Ke8 43. Qxh5+ Kd8 44. Qh8+ Kc7 45. d6+ Kb7 46. Qxf6 exf6 47. d7 Qe5+ 48. Kf1 Nxd1 49. d8=Q Ne3+ 50. Kf2 Qf4+ 51. Ke2 Re1+ 52. Kxe1 Qf1# 0-1

[Event "Quebec op U2400"]
[Site "Montreal CAN"]
[Date "2009.07.21"]
[Round "5"]
[White "Hebert, Jean"]
[Black "Zozulia, Anna"]
[Result "1-0"]
[WhiteElo "2399"]
[BlackElo "2341"]
[PlyCount "105"]
[GameId "2160767910155610"]
[EventDate "2009.07.18"]
[EventType "swiss"]
[EventRounds "9"]
[EventCountry "CAN"]
[SourceTitle "hb 2009.08"]

1. c4 d6 2. Nc3 g6 3. g3 Bg7 4. Bg2 e5 5. d3 Nc6 6. Rb1 a5 7. a3 Be6 8. b4 axb4 9. axb4 Qd7 10. b5 Nd8 11. e4 Ne7 12. Nd5 O-O 13. Ne2 Bg4 14. f3 Be6 15. O-O Nc8 16. f4 c6 17. Ne3 Ne7 18. d4 exd4 19. Nxd4 f5 20. exf5 Nxf5 21. Nexf5 Bxf5 22. Nxf5 Qxf5 23. Be3 Ra2 24. Rf2 Ra3 25. Bb6 Kh8 26. Rd2 Nf7 27. Qf1 h5 28. Rbd1 Rb3 29. Bh3 Qf6 30. Bd4 Qd8 31. bxc6 Bxd4+ 32. Rxd4 bxc6 33. Qf2 Qb6 34. Qe2 Kg7 35. Kh1 Ra8 36. f5 Ra1 37. f6+ Kh7 38. Rxa1 Qxd4 39. Rf1 Qe3 40. Qxe3 Rxe3 41. Bg2 Rc3 42. Bxc6 Rxc4 43. Bd5 Rc7 44. Ra1 g5 45. Be4+ Kh6 46. h3 d5 47. Bxd5 Kg6 48. Ra6 g4 49. Be4+ Kh6 50. h4 Rc4 51. Re6 Rc5 52. Re7 Re5 53. Kh2 1-0